|
|
|
|
| LEADER |
00000nam a22000005a 4500 |
| 003 |
CL-ChBUA |
| 005 |
20120815103813.0 |
| 008 |
070612s2006 sp ||||| |||| 000 ||spa |
| 020 |
|
|
|a 10847829080x
|
| 040 |
|
|
|a CL-ChBUA
|c CL-ChBUA
|
| 082 |
|
|
|a 337
|
| 090 |
|
|
|c 21486
|d 21486
|
| 100 |
1 |
|
|a Krugman, Paul R.
|
| 245 |
1 |
0 |
|a Economía internacional;
|b Teoría y politica
|
| 250 |
|
|
|a 7ª ed.
|
| 260 |
|
|
|a Madrid
|b Pearson
|c 2006
|
| 300 |
|
|
|a xxxiii, 742 p.
|b cuads
|c 26 cm.
|
| 504 |
|
|
|a Gráfs.
|
| 650 |
|
4 |
|a ECONOMIA
|
| 700 |
1 |
|
|a Obstfeld, Maurice
|
| 942 |
|
|
|c LIB
|
| 952 |
|
|
|0 0
|1 0
|2 ddc
|4 0
|6 337_000000000000000_K_94_C_2
|7 0
|9 30313
|a UNACH
|b UNACH
|c 300
|d 2007-06-12
|i 40.352
|l 6
|m 1
|o 337 / K 94 c.2
|p 31367
|r 2019-11-27 00:00:00
|s 2017-11-09
|u 30313
|w 2012-08-08
|y LIB
|
| 952 |
|
|
|0 0
|1 0
|2 ddc
|4 0
|6 337_000000000000000_K_94_C_1
|7 0
|9 61621
|a UNACH
|b UNACH
|c 300
|d 2009-04-28
|i 40.340
|l 11
|m 6
|o 337 / K 94 c.1
|p 62756
|r 2018-09-04 00:00:00
|s 2018-08-21
|u 61621
|w 2012-08-08
|y LIB
|
| 999 |
|
|
|c 21486
|d 21486
|